000 01037nam a22002657a 4500
003 BD-DhSAU
005 20221121101620.0
008 150613b2020 bg a|||| m||| 00| 0 eng d
040 _aBD-DhSAU
082 _222
_a630 H1142
100 _aHabib, Sabrina
_eRegistration # 13-05743
245 _aImpact of biochar on T. Aman rice under lead (pb) stress condition /
_bMS thesis
_cSabrina Habib
260 _aSher-e-Bangla Agricultural Uniersity :
_bDepartment of Agronomy,
_cJune, 2020
300 _avii, 58 p. :
_bill. ;
_c29 cm.
500 _aMS thesis of Department of Agronomy , Faculty of Agriculture, Sher-e-Bangla Agricultural University, Dhaka, Bangladesh
504 _aIncludes bibliographical reference.
590 _akobir
650 _aAgronomy
650 _aT. Aman rice
650 _aLead (pb) stress
700 _aRahman, Anisur
_eSuperviser
700 _eCo-superviser
_aKarim, Md. Fazlul
856 _uhttp://archive.saulibrary.edu.bd:8080/xmlui/handle/123456789/4520
942 _2ddc
_cTHESIS
999 _c16239
_d16238